LEADER 03478oam 2200601I 450 001 9910453121103321 005 20170821192602.0 010 $a1-315-79141-2 010 $a1-317-73543-9 010 $a1-317-73544-7 024 7 $a10.4324/9781315791418 035 $a(CKB)2550000001257143 035 $a(EBL)1665815 035 $a(SSID)ssj0001181128 035 $a(PQKBManifestationID)12479550 035 $a(PQKBTitleCode)TC0001181128 035 $a(PQKBWorkID)11142568 035 $a(PQKB)10194327 035 $a(MiAaPQ)EBC1665815 035 $a(OCoLC)958097928 035 $a(EXLCZ)992550000001257143 100 $a20180706e20141984 uy 0 101 0 $aeng 135 $aur|n|---||||| 181 $ctxt 182 $cc 183 $acr 200 00$aAlcoholism and sexual dysfunction $eissues in clinical management /$fDavid J. Powell, editor 210 1$aLondon ;$aNew York :$cRoutledge,$d2014. 215 $a1 online resource (152 p.) 300 $a". has also been published as Alcoholism treatment quarterly, Volume 1, Number 3, Fall 1984"--T.p. verso. 300 $aFirst published 1984 by the Haworth Press. 311 $a0-86656-365-2 311 $a1-306-57622-9 320 $aIncludes bibliographical references. 327 $aCover; Half Title; Title Page; Copyright Page; Table of Contents; Contributors; Foreword; Preface; Alcohol and Human Sexual Response; Acute Effects of Alcohol on Sexual Response; Chronic Effects of Alcohol on Sexual Function in Males and Females; Alcohol and Sexual Aggression; Conclusion; Socio-Sexual Issues in the Using and Recovering Alcoholic; Returning to Drinking as a Result of Erectile Dysfunction; The Sexual Behavior of Alcoholic Women While Drinking and During Sobriety; Procedures; Sexual Behavior and Orgasm Over Time; Sexual Dysfunction Profile 327 $aRelationship of Alcohol Use to Sexual ExperienceDreams to Orgasm; Other Sexual Characteristics of the Sample; First Three Months of Sobriety; Treatment Recommendations; Conclusion; Assessment of Sexual Functioning; Introduction; The Relevance of Diagnosis; Information; How to Take a Sex Problem History; Application to an Alcoholism Program; Treatment of Impotence in Male Alcoholics; Introduction; Nature of the Problem; Etiology; Treatment Approaches; Application to Alcoholism Treatment Programs; Permission-Giving; Limited Information; Specific Suggestions; Intensive Therapy; Training Needs 327 $aConclusionSpecial Issues Affecting the Treatment of Male and Lesbian Alcoholics; Sexual Dynamics of the Client-Counselor Relationship; Seduction; Opportunity; Self-Interest; Morality; Glossary; Appendix: Resources 330 $aExperts provide specific methodologies for clinicians working with recovering alcoholics and their families. This landmark study of sexual issues in alcoholism treatment addresses impotence in male alcoholics, the sexual dynamics of the client-counselor relationship, homosexual alcoholics, and many other important issues. 606 $aAlcoholics$xSexual behavior 606 $aPsychosexual disorders 608 $aElectronic books. 615 0$aAlcoholics$xSexual behavior. 615 0$aPsychosexual disorders. 676 $a616.86/1 701 $aPowell$b David J$0986596 801 0$bMiAaPQ 801 1$bMiAaPQ 801 2$bMiAaPQ 906 $aBOOK 912 $a9910453121103321 996 $aAlcoholism and sexual dysfunction$92254835 997 $aUNINA LEADER 02089nam 2200529 a 450 001 9910781222703321 005 20200520144314.0 010 $a0-295-80170-0 035 $a(CKB)2550000000036908 035 $a(EBL)3444322 035 $a(SSID)ssj0000534231 035 $a(PQKBManifestationID)12231928 035 $a(PQKBTitleCode)TC0000534231 035 $a(PQKBWorkID)10493002 035 $a(PQKB)10883913 035 $a(OCoLC)742514420 035 $a(MdBmJHUP)muse48486 035 $a(Au-PeEL)EBL3444322 035 $a(CaPaEBR)ebr10477176 035 $a(MiAaPQ)EBC3444322 035 $a(EXLCZ)992550000000036908 100 $a20041221d2005 uy 0 101 0 $aeng 135 $aur|n|---||||| 181 $ctxt 182 $cc 183 $acr 200 14$aThe audio dictionary$b[electronic resource] /$fGlenn D. White and Gary J. Louie 205 $a3rd ed., rev. and expanded. 210 $aSeattle $cUniversity of Washington Press$d2005 215 $a1 online resource (518 p.) 300 $aDescription based upon print version of record. 311 $a0-295-98498-8 320 $aIncludes bibliographical references. 327 $aThe audio dictionary -- The art and science of good acoustics -- Some frequently used symbols and units -- How to subdue a hi-fi salesperson -- Good acoustics in small rooms and auditoria -- Some notes on audio measurements -- The balanced line -- Some notes on digital audio -- Musical scales and the tuning of musical instruments -- Some notes on the history of high fidelity -- Some notes on decimal and binary arithmetic as used in computer terminology -- Some notes on impedance and frequency response. 606 $aSound$xRecording and reproducing$vDictionaries 615 0$aSound$xRecording and reproducing 676 $a621.389/3 700 $aWhite$b Glenn D.$f1933-$01514126 701 $aLouie$b Gary J$01514127 801 0$bMiAaPQ 801 1$bMiAaPQ 801 2$bMiAaPQ 906 $aBOOK 912 $a9910781222703321 996 $aThe audio dictionary$93749046 997 $aUNINA